[Event "May Roses Cup"]
[Site "Bucharest ROM"]
[Date "2006.05.08"]
[Round "4"]
[White "Kruppa,Y"]
[Black "Lupulescu,C"]
[Result "1/2-1/2"]
[WhiteElo "2538"]
[BlackElo "2534"]

1.d4 Nf6 2.c4 g6 3.Nc3 d5 4.cxd5 Nxd5 5.e4 Nxc3 6.bxc3 Bg7 7.Bg5 c5 8.Rc1 h6
9.Be3 Qa5 10.Qd2 cxd4 11.cxd4 Qxd2+ 12.Bxd2 O-O 13.Nf3 e6 14.Bb5 Bd7 15.Bxd7 Nxd7
16.Rc7 Nf6 17.e5 Nd5 18.Rxb7 Rfb8 19.Rxb8+ Rxb8 20.O-O Rb2 21.a4 Bf8 22.h4 Kg7
23.Rc1 Bb4 24.Bxb4 Rxb4 25.a5 Ra4 26.Rc5 Ra2  1/2-1/2

[Event "President's Cup"]
[Site "Baku AZE"]
[Date "2006.05.10"]
[Round "7"]
[White "Chigladze,I"]
[Black "Belov,Vl"]
[Result "0-1"]
[WhiteElo "2323"]
[BlackElo "2599"]

1.d4 Nf6 2.c4 g6 3.Nc3 d5 4.cxd5 Nxd5 5.e4 Nxc3 6.bxc3 Bg7 7.Nf3 c5 8.Be3 Qa5
9.Qd2 Nc6 10.Rc1 e6 11.d5 exd5 12.exd5 Ne7 13.c4 Qa3 14.Bg5 h6 15.Bf4 Bg4
16.Be2 Nf5 17.O-O O-O 18.h3 Bxf3 19.Bxf3 Nd4 20.Be4 Rfe8 21.Rfe1 g5 22.Bd6 Bf8
23.Bxf8 Kxf8 24.h4 f5 25.hxg5 Rxe4 26.Rxe4 fxe4 27.Re1 Qa6 28.Qf4+ Kg8 29.d6 Rf8
30.Qg4 Nf5 31.Rd1 e3 32.gxh6+ Kh7 33.fxe3 Qa3 34.e4 Qe3+ 35.Kh2 Qxh6+ 36.Qh3 Ne3
37.Rd3 Nxc4 38.Rd5 Qxh3+ 39.gxh3 Kg6 40.Kg3 Rd8 41.e5 Kf5 42.Rxc5 Nxe5 43.Rc7 Rxd6  0-1

[Event "ch-UKR sf"]
[Site "Alushta UKR"]
[Date "2006.05.13"]
[Round "1"]
[White "Tishin,D"]
[Black "Shmat,S"]
[Result "1-0"]
[WhiteElo "2316"]
[BlackElo "2032"]

1.d4 Nf6 2.c4 g6 3.Nc3 d5 4.cxd5 Nxd5 5.e4 Nxc3 6.bxc3 Bg7 7.Nf3 c5 8.Be2 Nc6
9.Be3 cxd4 10.cxd4 Qa5+ 11.Bd2 Qa3 12.d5 Nb8 13.Rc1 O-O 14.Qc2 Nd7 15.O-O b6
16.Bb5 Nc5 17.Rb1 a5 18.Rfe1 Na6 19.Bc6 Ra7 20.Rb3 Qd6 21.e5 Qd8 22.Be3 Nb4
23.Qd2 Nxc6 24.Bxb6 Qd7 25.dxc6 Qxd2 26.Nxd2 Ra6 27.Rb5 Be6 28.a4 Rc8 29.c7 Bd7
30.Rd5 Be6 31.Rd8+ Bf8 32.Rxc8 Bxc8 33.Nc4 Ra8 34.Rd1 f6 35.Rd8 Kg7 36.Bc5 Kf7
37.exf6  1-0

[Event "Open"]
[Site "Salsomaggiore ITA"]
[Date "2006.05.14"]
[Round "6"]
[White "Gromovs,S"]
[Black "Mrdja,M"]
[Result "1-0"]
[WhiteElo "2315"]
[BlackElo "2409"]

1.d4 g6 2.c4 Nf6 3.Nc3 d5 4.cxd5 Nxd5 5.e4 Nxc3 6.bxc3 Bg7 7.Bc4 c5 8.Ne2 O-O
9.h4 cxd4 10.cxd4 Nc6 11.Be3 Bd7 12.h5 Rc8 13.hxg6 hxg6 14.Kf1 e6 15.Rb1 Na5
16.Bd3 Qc7 17.Nf4 Nc4 18.Qg4 Rfe8 19.Qh4 Nxe3+ 20.fxe3 e5 21.Nxg6 fxg6 22.Kg1 Qc1+
23.Rxc1 Rxc1+ 24.Kh2 Rc3 25.Kg3 Re6 26.Qh7+ Kf7 27.dxe5 Re7 28.Rf1+ Ke6 29.Qg8+  1-0

[Event "ch-UKR sf"]
[Site "Alushta UKR"]
[Date "2006.05.16"]
[Round "4"]
[White "Tishin,D"]
[Black "Demkovich,A"]
[Result "1-0"]
[WhiteElo "2316"]
[BlackElo "2387"]

1.d4 Nf6 2.c4 g6 3.Nc3 d5 4.cxd5 Nxd5 5.e4 Nxc3 6.bxc3 Bg7 7.Nf3 O-O 8.Be2 c5
9.O-O cxd4 10.cxd4 Nc6 11.Be3 Bg4 12.d5 Bxf3 13.Bxf3 Bxa1 14.Qxa1 Na5 15.Bh6 f6
16.Bxf8 Kxf8 17.e5 Nc4 18.exf6 exf6 19.Qd4 Nd6 20.Re1 Kg7 21.h4 Nf5 22.Qf4 Qb8
23.Qb4 a5 24.Qb2 Ra6 25.Bg4 Nxh4 26.Re7+ Kh6 27.g3 Qd6 28.Qd2+ g5 29.Re6 Qd8
30.gxh4 Rxe6 31.hxg5+ fxg5 32.Bxe6 Qd6 33.Qd4 Kg6 34.Qe4+ Kg7 35.Qf5 Qe7
36.d6  1-0

[Event "28th Nezhmetdinov mem"]
[Site "Kazan RUS"]
[Date "2006.06.04"]
[Round "4"]
[White "Kornev,Alexei"]
[Black "Yandemirov,V"]
[Result "1-0"]
[WhiteElo "2575"]
[BlackElo "2520"]

1.d4 Nf6 2.c4 g6 3.Nc3 d5 4.cxd5 Nxd5 5.e4 Nxc3 6.bxc3 Bg7 7.Bc4 O-O 8.Ne2 Nc6
9.O-O Na5 10.Bd3 Be6 11.Bg5 c6 12.f4 f5 13.Ng3 fxe4 14.Nxe4 Bc4 15.Rf2 Rf7
16.Nc5 Qd5 17.Be4 Qd6 18.Qa4 Bd5 19.Re1 b6 20.Bxd5 cxd5 21.Ne6 Rc8 22.Qc2 Nc6
23.Qd3 Nd8 24.Nxg7 Kxg7 25.Qh3 e6 26.f5 exf5 27.Re8 h5 28.Bf4 Qd7 29.Be5+ Rf6
30.Bxf6+ Kxf6 31.Qh4+ Kf7 32.Rh8 Kg7 33.Re2 Nf7 34.Rxc8 Qxc8 35.Qe1 Qc4 36.h3 Qd3
37.Re7 Qc2 38.Qe5+ Kg8 39.Qc7  1-0

[Event "2nd Festival"]
[Site "Lodi ITA"]
[Date "2006.06.06"]
[Round "3"]
[White "Luciani,V"]
[Black "Trumpf,W"]
[Result "1/2-1/2"]
[WhiteElo "2242"]
[BlackElo "2084"]

1.d4 Nf6 2.c4 g6 3.Nc3 d5 4.cxd5 Nxd5 5.e4 Nxc3 6.bxc3 Bg7 7.Bc4 O-O 8.Be3 c5
9.Ne2 Nc6 10.Rc1 Qa5 11.Kf1 b5 12.Bd3 Bb7 13.Bb1 e6 14.h4 Rfd8 15.h5 Ne5
16.hxg6 hxg6 17.Bh6 cxd4 18.cxd4 Nc4 19.Kg1 Bxh6 20.Rxh6 Qd2 21.Qxd2 Nxd2
22.f3 Nxb1 23.Rxb1 Kg7 24.Rh1 a5 25.a3 Ba6 26.Kf2 Rac8 27.Rhc1 Rxc1 28.Rxc1 b4
29.axb4 axb4  1/2-1/2

[Event "2nd Open"]
[Site "San Marino SMR"]
[Date "2006.06.06"]
[Round "2"]
[White "Naumkin,I"]
[Black "Iordachescu,V"]
[Result "1-0"]
[WhiteElo "2415"]
[BlackElo "2601"]

1.d4 Nf6 2.c4 g6 3.Nc3 d5 4.cxd5 Nxd5 5.e4 Nxc3 6.bxc3 Bg7 7.Bc4 O-O 8.Ne2 c5
9.O-O Nc6 10.Be3 Bd7 11.Rb1 Qc7 12.Qd2 Rac8 13.Bh6 Na5 14.Bd3 e5 15.Bxg7 Kxg7
16.dxe5 Qxe5 17.f4 Qc7 18.e5 f5 19.exf6+ Rxf6 20.f5 Rcf8 21.Ng3 c4 22.Qg5 Qc5+
23.Kh1 cxd3 24.Nh5+ Kh8 25.Nxf6 Bc6 26.Rbd1 Qe5 27.Nxh7 Rxf5 28.Rxf5 Qxf5
29.Qxf5 gxf5 30.Ng5 Be4 31.Nf7+ Kg7 32.Ne5  1-0

[Event "2nd Festival"]
[Site "Lodi ITA"]
[Date "2006.06.08"]
[Round "5"]
[White "Steingrimsson,H"]
[Black "Lupulescu,C"]
[Result "0-1"]
[WhiteElo "2447"]
[BlackElo "2534"]

1.d4 Nf6 2.c4 g6 3.Nc3 d5 4.cxd5 Nxd5 5.e4 Nxc3 6.bxc3 Bg7 7.Bc4 O-O 8.Ne2 Nc6
9.O-O b6 10.Bg5 Na5 11.Bd3 c5 12.Rc1 cxd4 13.cxd4 Bb7 14.Qd2 Qd6 15.Bh6 Rac8
16.Bxg7 Kxg7 17.h4 Qf6 18.h5 gxh5 19.e5 Qh6 20.Nf4 Nc6 21.Qe3 Rcd8 22.d5 Nb4
23.Rc4 Nxd3 24.Qxd3 Kh8 25.Rd4 e6 26.Rd1 h4 27.Qh3 Bxd5 28.Nxd5 Rxd5 29.Rxd5 exd5
30.Rd4 Qe6 31.Qf3 Qxe5 32.Rxd5 Qg7 33.Rh5 Qb2 34.Kh2 Qd4 35.Kh3 Qd7+ 36.Kxh4 f5
37.Rg5 Qe7 38.Kh5 Qf7+ 39.Kh6 Qf6+ 40.Kh5 Qf7+ 41.Kh6 Rc8 42.g4 Qf6+ 43.Kh5 Rc6
44.gxf5 Qh6+  0-1

[Event "2nd Goran"]
[Site "Bibinje CRO"]
[Date "2006.06.09"]
[Round "2"]
[White "Groszpeter,A"]
[Black "Farago,I"]
[Result "1/2-1/2"]
[WhiteElo "2518"]
[BlackElo "2534"]

1.d4 Nf6 2.c4 g6 3.Nc3 d5 4.cxd5 Nxd5 5.e4 Nxc3 6.bxc3 Bg7 7.Nf3 c5 8.Be3 cxd4
9.cxd4 Qa5+ 10.Qd2 Qxd2+ 11.Kxd2 Nc6 12.Rc1 O-O 13.d5  1/2-1/2

[Event "Summer-1"]
[Site "Alushta UKR"]
[Date "2006.06.11"]
[Round "13"]
[White "Tishin,D"]
[Black "Zinchenko,Ya"]
[Result "1/2-1/2"]
[WhiteElo "2316"]
[BlackElo "2499"]

1.d4 Nf6 2.c4 g6 3.Nc3 d5 4.cxd5 Nxd5 5.e4 Nxc3 6.bxc3 Bg7 7.Nf3 c5 8.Be2 Nc6
9.Be3 Bg4 10.e5 cxd4 11.cxd4 Qa5+ 12.Bd2 Qc7 13.Rc1 Rd8 14.Qa4 Qd7 15.Be3 O-O
16.Bb5 Qd5 17.Bxc6 bxc6 18.Rc5 Qe4 19.Qxc6 Qb1+ 20.Rc1 Qxa2 21.O-O Qd5 22.Qxd5 Rxd5
23.Rc7 Rd7 24.Rxd7 Bxd7 25.Ra1 Ra8 26.Ra5 e6 27.d5 exd5 28.Rxa7 Rxa7 29.Bxa7 Bg4
30.Nd4 Bxe5 31.Nc6 Bd6 32.Bd4 Kf8 33.f3 Bd7 34.Ne5 Be6 35.g3 Ke7 36.Kf2 Ba3
37.f4 Kd6 38.Ke3 Bc1+ 39.Kf2 Ba3 40.Ke3 Ke7 41.Nd3 Bf5 42.Bc5+ Bxc5+ 43.Nxc5 Kf6
44.Nb3 h5 45.h4 Bc2 46.Nd4 Be4 47.Ke2 Ke7 48.Kd2 Kd6 49.Kc3 Kc5 50.Nb3+ Kd6
51.Nd4 Bg2 52.Nb3 Bf3 53.Nd4 Bd1 54.Kb4 Bg4 55.Nb5+ Kc6 56.Nd4+ Kb6 57.Nb5 Bc8
58.Nd4 Bd7 59.Nf3 Bb5 60.Nd4 Be8 61.Nf3 Kc6 62.Nd4+ Kd6 63.Kc3 Bd7 64.Nf3 Kc5
65.Nd4 Ba4 66.Nf3 Bb5 67.Nd4 Bc4 68.Nf3 Be2 69.Nd4 Bd1 70.Kd3 Ba4 71.Kc3 Bb5
72.Nb3+ Kd6 73.Nd4 Ba6 74.Kb4 Bf1 75.Kc3 Ba6 76.Kb4 Bc4 77.Nf3 Be2 78.Nd4 Ba6
79.Kc3 Kc7 80.Nf3 Bc8 81.Nd4 Kb6 82.Kb4 Bg4 83.Kc3 Bd7 84.Kb4 Be8 85.Kc3 Ba4
86.Kb4 Bd1 87.Kc3 Kc7 88.Kd3 Bg4 89.Kc3 Bh3 90.Nb3 Kd6 91.Nd4 Bf1 92.Nf3 Kc5
93.Nd4 Bc4 94.Nf3 d4+ 95.Nxd4 Kd5 96.f5 Ba6 97.Ne6 Ke4 98.fxg6 fxg6 99.Nf4 Kf3
100.Nxg6 Kxg3 101.Kd4  1/2-1/2

[Event "Masters"]
[Site "Las Vegas USA"]
[Date "2006.06.12"]
[Round "5"]
[White "Antic,De"]
[Black "Mikhalevski,V"]
[Result "1/2-1/2"]
[WhiteElo "2491"]
[BlackElo "2566"]

1.d4 Nf6 2.c4 g6 3.Nc3 d5 4.cxd5 Nxd5 5.e4 Nxc3 6.bxc3 Bg7 7.Bc4 c5 8.Ne2 Nc6
9.Be3 O-O 10.O-O Bd7 11.Rb1 Qc7 12.Bd3 Rad8 13.Qc1 Be6 14.Bf4 Qc8 15.d5 Ne5
16.Bc2 Bd7 17.Bh6 Bxh6 18.Qxh6 b6 19.Ng3 Qa6 20.h3 Qa5 21.f4 Qxc3 22.Rb3 Qd4+
23.Kh2 c4 24.Ra3 Qd2 25.Qh4 Qxc2 26.fxe5 Qb2 27.Qxe7 Rde8 28.Qd6 Bc8 29.e6 Bxe6
30.Rxa7 Rd8 31.Qe7 Rfe8 32.Qg5 h6 33.Qxh6 Bd7 34.Qf4 Qg7 35.e5 Rxe5 36.Qxc4 Qf8
37.Qd4 Qd6 38.Qf4 Qxd5 39.Rf2 Be6 40.Qb4 Qd4 41.Qxd4 Rxd4 42.a4 Ra5 43.Rb7 Rb4
44.Rd2 Raxa4 45.Rd8+ Kg7 46.Rd6 Bxh3 47.Rdxb6 Rxb6 48.Rxb6 Be6 49.Rb2 g5
50.Re2 Kg6 51.Re5 Rd4 52.Re4 Rd3 53.Re2 Bd5 54.Nf1 Be6 55.Ng3 Rd6 56.Ne4 Rc6
57.Rd2 Rc4 58.Nf2 f5 59.Rd6 Kf6 60.Rb6 Rd4 61.Nh3 Rh4 62.Kg1 Re4 63.Nf2 Re3
64.Nh3 f4 65.Kf2 Re5 66.g3 f3 67.g4 Ke7 68.Kxf3 Bd5+ 69.Kf2 Be6 70.Kf3 Ra5
71.Nf2 Ra3+ 72.Ke4 Ra4+ 73.Ke5 Ra5+ 74.Ke4 Bd5+ 75.Ke3  1/2-1/2

[Event "10th Heraclion Open"]
[Site "Athens GRE"]
[Date "2006.06.14"]
[Round "5"]
[White "Liargovas,D"]
[Black "Tourkolias,D"]
[Result "1-0"]
[WhiteElo "1683"]
[BlackElo "1894"]

1.d4 Nf6 2.c4 g6 3.Nc3 d5 4.cxd5 Nxd5 5.e4 Nxc3 6.bxc3 Bg7 7.Nf3 c5 8.Be3 O-O
9.Be2 Nc6 10.O-O Qa5 11.Qb3 a6 12.Rad1 b5 13.dxc5 Qxc3 14.Qxc3 Bxc3 15.Rd3 Bf6
16.Bh6 Rd8 17.Rxd8+ Nxd8 18.e5 Bg7 19.Bxg7 Kxg7 20.Nd4 Ne6 21.Nb3 Bb7 22.Rd1 Rd8
23.Rxd8 Nxd8 24.Nd4 Nc6 25.Bf3 Nxd4 26.Bxb7 a5 27.Bd5 b4 28.c6 Nb5 29.Kf1 f6
30.Bc4 Nc7 31.f4 fxe5 32.fxe5 Kf8 33.Ke2 Ke8 34.h4 Kd8 35.Kd2 h6 36.Kc2 a4
37.Kd3 e6 38.Kd4 Nd5 39.Kc5 b3 40.axb3 a3 41.b4 Ne3 42.Bxe6 Nxg2 43.Kd6  1-0

[Event "III Muhamedzjanov Mem"]
[Site "Nabereshnye Chelny RUS"]
[Date "2006.06.16"]
[Round "9"]
[White "Kichubaev,K"]
[Black "Kovchan,A"]
[Result "1/2-1/2"]
[WhiteElo "2390"]
[BlackElo "2499"]

1.d4 Nf6 2.c4 g6 3.Nc3 d5 4.cxd5 Nxd5 5.e4 Nxc3 6.bxc3 Bg7 7.Be3 c5 8.Qd2 Qa5
9.Nf3 O-O 10.Rc1 cxd4 11.cxd4 Qxd2+ 12.Nxd2 e6 13.Nb3 b6 14.Bd3 Ba6 15.Ke2 Bxd3+
16.Kxd3 Na6 17.a4 Rfd8 18.Ke2 Kf8 19.Rc4 Ke8 20.Rhc1 Kd7 21.Kd3 Bf6 22.Nd2 Be7
23.Nf3 f6 24.Bd2 Bd6 25.h3 Rac8 26.Rxc8 Rxc8 27.Rxc8 Kxc8 28.Kc4 Kd7 29.Ne1 Nc7
30.Nd3 a6  1/2-1/2

[Event "White Nights Open"]
[Site "St Petersburg RUS"]
[Date "2006.06.24"]
[Round "2"]
[White "Kostin,S"]
[Black "Gugnin,R"]
[Result "1-0"]
[WhiteElo "2280"]
[BlackElo "2088"]

1.d4 Nf6 2.c4 g6 3.Nc3 d5 4.cxd5 Nxd5 5.e4 Nxc3 6.bxc3 Bg7 7.Be3 O-O 8.Qd2 c5
9.Nf3 Qa5 10.Rc1 Nc6 11.d5 Rd8 12.h3 e6 13.Be2 exd5 14.exd5 Be6 15.c4 Nb4
16.O-O Bf5 17.g4 Bd7 18.a3 Qxa3 19.Bxc5 a5 20.Bd4 Re8 21.Bxg7 Kxg7 22.Rfe1 Qa2
23.Qd4+ Kg8 24.Ra1 Qc2 25.Nd2 g5 26.Bf1 b6 27.Ne4 Rxe4 28.Rxe4 a4 29.Rae1 a3
30.Qf6 a2 31.Qxg5+ Kf8 32.Qe7+ Kg8 33.Qg5+ Kf8 34.Qh6+ Kg8 35.Re5 a1=Q 36.Rg5+ Qg6
37.Rxa1 Rxa1 38.Rxg6+ hxg6 39.Qg5 Ba4 40.Qd8+ Kh7 41.Qe7 Nc2 42.Qxf7+ Kh6
43.h4 Bb3 44.g5+ Kh5 45.Qf3+  1-0

[Event "Midnight Sun"]
[Site "Tromso NOR"]
[Date "2006.06.26"]
[Round "3"]
[White "Nyland,T"]
[Black "Akesson,R"]
[Result "1/2-1/2"]
[WhiteElo "2172"]
[BlackElo "2472"]

1.d4 Nf6 2.c4 g6 3.Nc3 d5 4.cxd5 Nxd5 5.e4 Nxc3 6.bxc3 Bg7 7.Nf3 c5 8.Be3 Bg4
9.Rc1 O-O 10.Be2 e6 11.O-O Nd7 12.h3 Bxf3 13.Bxf3 Rc8 14.Qd2 Qa5 15.d5 exd5
16.exd5 c4 17.Bd4 Bxd4 18.Qxd4 Qc5 19.Rcd1 b5 20.Rfe1 Rfd8 21.d6 Qxd4 22.Rxd4 Nb6
23.Re7 Rd7 24.Rxd7 Nxd7 25.Bb7 Rb8 26.Bc6 Ne5 27.Bxb5 Rxb5 28.d7 Nxd7 29.Rxd7 Rb1+
30.Kh2 Rc1  1/2-1/2

[Event "ch-CHN"]
[Site "Wuxi CHN"]
[Date "2006.06.26"]
[Round "2"]
[White "Liang Chong"]
[Black "Ni Hua"]
[Result "1/2-1/2"]
[WhiteElo "2514"]
[BlackElo "2607"]

1.d4 Nf6 2.c4 g6 3.Nc3 d5 4.cxd5 Nxd5 5.e4 Nxc3 6.bxc3 Bg7 7.Bb5+ c6 8.Ba4 O-O
9.Ne2 e5 10.O-O Nd7 11.Be3 Qe7 12.Qc2 Nb6 13.Bb3 Be6 14.Rad1 Rad8 15.dxe5 Bxe5
16.Bd4 Nc4 17.h3 Bc7 18.Qc1 c5 19.Be3 Nxe3 20.Qxe3 c4 21.Bc2 b5 22.Nd4 Bb6
23.Qg3 Bd7 24.e5 a5 25.h4 Bxd4 26.Rxd4 Be6 27.Rd6 b4 28.cxb4 axb4 29.Rb1 Rb8
30.h5 Kh8 31.Qf4 b3 32.axb3 cxb3 33.Bd3 b2 34.hxg6 fxg6 35.Qd4 Qg5 36.Rxe6 Qc1+
37.Kh2 Qh6+ 38.Kg3 Qg5+ 39.Qg4 Qd2 40.Qd4 Qg5+ 41.Kh2 Qh6+ 42.Kg1 Qc1+ 43.Kh2  1/2-1/2

[Event "White Nights Open"]
[Site "St Petersburg RUS"]
[Date "2006.06.28"]
[Round "6"]
[White "Belov,M"]
[Black "Gaprindashvili,N2"]
[Result "0-1"]
[WhiteElo "1994"]
[BlackElo "2050"]

1.d4 Nf6 2.c4 g6 3.Nc3 d5 4.cxd5 Nxd5 5.e4 Nxc3 6.bxc3 Bg7 7.Bc4 O-O 8.Ne2 c5
9.O-O Qc7 10.Bf4 e5 11.dxe5 Bxe5 12.Bxe5 Qxe5 13.Qd5 Nc6 14.Qxe5 Nxe5 15.Bd5 Rb8
16.h3 Be6 17.Nf4 Bxd5 18.Nxd5 Kg7 19.f4 Nc4 20.e5 b5 21.Rfd1 Rfd8 22.Ne7 Rxd1+
23.Rxd1 Rb7 24.Nc6 Nb6 25.Kf2 Rc7 26.Nd8 Rd7 27.Rxd7 Nxd7 28.Nc6 a6 29.Ke3 Nb6
30.Ke4 Na4 31.Kd3 f6 32.g4 Nb2+ 33.Ke4 fxe5 34.fxe5 Kf7 35.Kd5 Na4 36.Kd6 Ke8
37.Nb8 Nxc3 38.Nxa6 c4 39.Nc7+ Kd8 40.Ne6+ Ke8 41.Nd4 b4 42.Kc5 Nxa2 43.Kxc4 Ke7
44.Kd5 Nc3+ 45.Kc4 Ne4 46.Kxb4 Nf2 47.Kc5 Nxh3 48.Kd5 h6 49.Nc6+ Ke8 50.Ke6 Nf2  0-1

[Event "Midnight Sun"]
[Site "Tromso NOR"]
[Date "2006.06.29"]
[Round "6"]
[White "Pettersson,Tob"]
[Black "Shipov,S"]
[Result "0-1"]
[WhiteElo "2071"]
[BlackElo "2576"]

1.d4 Nf6 2.c4 g6 3.Nc3 d5 4.cxd5 Nxd5 5.e4 Nxc3 6.bxc3 Bg7 7.Bc4 c5 8.Ne2 Nc6
9.Be3 O-O 10.O-O Bd7 11.Rb1 Rc8 12.Bd3 Na5 13.Qd2 e5 14.dxc5 Be6 15.Rfd1 Qc7
16.Qc2 Rfd8 17.c4 Bf8 18.Qc3 Bxc5 19.Bxc5 Qxc5 20.Rb5 Qxc4 21.Qxc4 Bxc4 22.Rxa5 Rxd3
23.Re1 Rd2 24.Nc3 Be6  0-1

[Event "REDA IM"]
[Site "Brno CZE"]
[Date "2006.07.02"]
[Round "4"]
[White "Porat,Dav"]
[Black "Krcal,M"]
[Result "0-1"]
[WhiteElo "2206"]
[BlackElo "2105"]

1.d4 Nf6 2.c4 g6 3.Nc3 d5 4.cxd5 Nxd5 5.e4 Nxc3 6.bxc3 Bg7 7.Nf3 c5 8.Rb1 O-O
9.Be2 Qa5 10.Bd2 Qxa2 11.O-O Qe6 12.Ng5 Qd7 13.Be3 b6 14.Bc4 Ba6 15.Bd5 Bxf1
16.Bxa8 cxd4 17.cxd4 Bc4 18.d5 Bb5 19.Qb3 Na6 20.d6 exd6 21.Bd5 Nc7 22.Bxf7+ Rxf7
23.Rc1 d5 24.Nxf7 Bc4 25.Qa3 Qxf7 26.Qxa7 d4 27.Qb8+ Ne8 28.Bd2 b5 29.Ra1 Qe7
30.Ra8 Bf7 31.Qxb5 Qxe4 32.Rd8 Bf6 33.Rb8 Kg7 34.h3 Be5 35.f3 Qf5 36.g4 Qe6
37.Rd8 Bc7 38.Rd7 Bb6 39.Rb7 Bc7 40.Qb4 Qe5 41.Kf1 Qd5 42.Ke2 Qe5+ 43.Kf1 Bd6
44.Qc4 Nc7 45.Qc1 Bd5 46.Bh6+ Kf7 47.f4 Qe7 48.Rb8 Ne8 49.Kf2 Qe4 50.Qe1 Qh1
51.Ke2 Qxh3 52.Qf2 Bc5 53.Kd1 Qxh6 54.f5 Qh1+ 55.Kd2 Bf3 56.fxg6+ Kxg6 57.Qe1 Qxe1+
58.Kxe1 Nd6 59.Kf2 Bxg4 60.Kg3 h5 61.Rh8 Ne4+ 62.Kg2 d3 63.Rg8+ Kf5  0-1

[Event "ch-SWE withdrawal"]
[Site "Gothenburg SWE"]
[Date "2006.07.03"]
[Round "3"]
[White "Hillarp Persson,T"]
[Black "Hermansson,E"]
[Result "1-0"]
[WhiteElo "2549"]
[BlackElo "2461"]

1.d4 Nf6 2.c4 g6 3.Nc3 d5 4.cxd5 Nxd5 5.e4 Nxc3 6.bxc3 Bg7 7.Bc4 c5 8.Ne2 O-O
9.O-O Nc6 10.Be3 Bd7 11.Rb1 a6 12.dxc5 Na5 13.Bd3 Qc7 14.Nd4 Rfd8 15.Qe2 e6
16.f4 Bf8 17.f5 Bxc5 18.Qf2 exf5 19.exf5 Bb5 20.Bxb5 axb5 21.Nxb5 Bxe3 22.Qxe3 Qc4
23.Rb4 Qxa2 24.fxg6 fxg6 25.Nc7 Rac8 26.c4 Rd6 27.Nd5 Nxc4 28.Ne7+ Kg7 29.Qc3+ Kh6
30.Nxc8 Rd2 31.Qh3+ Kg7 32.Rxb7+  1-0

[Event "TESPO GM"]
[Site "Brno CZE"]
[Date "2006.07.04"]
[Round "6"]
[White "Kadziolka,B"]
[Black "Petr,Ma"]
[Result "1/2-1/2"]
[WhiteElo "2359"]
[BlackElo "2416"]

1.d4 Nf6 2.c4 g6 3.Nc3 d5 4.cxd5 Nxd5 5.e4 Nxc3 6.bxc3 Bg7 7.Bc4 c5 8.Ne2 Nc6
9.Be3 O-O 10.O-O Bd7 11.Rb1 Na5 12.Bd3 cxd4 13.cxd4 e6 14.Qd2 b6 15.Rfc1 Rc8
16.Bh6 Bxh6 17.Qxh6 Qe7 18.e5 Rxc1+ 19.Rxc1 Rc8 20.Rxc8+ Bxc8 21.Ng3 f5 22.exf6 Qxf6
23.Qe3 Bb7 24.Ne4 Qe7 25.Qf4 Bxe4 26.Qxe4 Qd7 27.h4 Qd5 28.Qg4 Kg7 29.h5 Qxh5
30.Qxe6 Qd1+ 31.Kh2 Qxd3  1/2-1/2

[Event "ch-SWE"]
[Site "Gothenburg SWE"]
[Date "2006.07.04"]
[Round "4"]
[White "Brynell,S"]
[Black "Ernst,T"]
[Result "1-0"]
[WhiteElo "2497"]
[BlackElo "2456"]

1.d4 Nf6 2.c4 g6 3.Nc3 d5 4.cxd5 Nxd5 5.e4 Nxc3 6.bxc3 Bg7 7.Bc4 c5 8.Ne2 Nc6
9.Be3 O-O 10.O-O Bg4 11.f3 Na5 12.Bxf7+ Rxf7 13.fxg4 Rxf1+ 14.Kxf1 Qd6 15.e5 Qd5
16.g5 Qe4 17.Bf2 cxd4 18.cxd4 Nc4 19.Qb3 Qd5 20.Kg1 Nb6 21.Nf4 Qxb3 22.axb3 Kf7
23.Be1 Rd8 24.Rxa7 Rxd4 25.e6+ Ke8 26.Rxb7 Be5 27.g3 Nd5 28.Nxd5 Rxd5 29.Bb4 Bd6
30.Bxd6 exd6 31.Rxh7 Rxg5 32.Rd7 Rb5 33.Rxd6 Rxb3 34.e7 g5 35.Rd5 g4 36.Re5 Rb1+
37.Kf2 Rb2+ 38.Ke3 Rxh2 39.Kf4 Rh7 40.Kxg4 Rg7+ 41.Kh3 Rh7+ 42.Kg2 Rf7 43.Re3 Rh7
44.Kf3 Rxe7 45.Rxe7+ Kxe7 46.Kg4 Kf6 47.Kh5 Kg7 48.Kg5 Kh7 49.Kf6 Kh6 50.g4 Kh7
51.g5 Kg8 52.Kg6 Kh8 53.Kf7  1-0

[Event "XXXII Open"]
[Site "Badalona ESP"]
[Date "2006.07.05"]
[Round "4"]
[White "Del Rio Angelis,S"]
[Black "Konguvel,P"]
[Result "1/2-1/2"]
[WhiteElo "2514"]
[BlackElo "2404"]

1.d4 Nf6 2.c4 g6 3.Nc3 d5 4.cxd5 Nxd5 5.e4 Nxc3 6.bxc3 Bg7 7.Bc4 c5 8.Ne2 Nc6
9.Be3 O-O 10.O-O Bg4 11.f3 Na5 12.Bd3 cxd4 13.cxd4 Be6 14.d5 Bxa1 15.Qxa1 f6
16.Qd4 Bf7 17.Bh6 Re8 18.Bb5 e5 19.Qf2 Re7 20.f4 exf4 21.Qxf4 Qb6+ 22.Kh1 Bxd5
23.exd5 Qxb5 24.Qxf6 Qe8 25.Qd4 Rc8 26.Ng3 Rf7 27.Rxf7 Qxf7 28.h3 Rc4 29.Qe5 Rc8
30.Ne4 Nc4 31.Nf6+ Kh8 32.Qd4 Qe7 33.Bf4 b5 34.d6 Qg7 35.d7 Rd8 36.Be5 Nxe5
37.Qxe5 g5 38.Kh2 Rf8 39.Qd6 Rd8 40.Qe6 Qf8 41.Qe5 h6 42.Ng4+ Kh7 43.Qe4+ Kg7
44.Qd4+ Kh7 45.Qe4+ Kg7 46.Qd4+ Kh7 47.Qe4+  1/2-1/2

[Event "Masters"]
[Site "Marseille FRA"]
[Date "2006.07.05"]
[Round "7"]
[White "Czakon,J"]
[Black "Verneuil,P"]
[Result "1/2-1/2"]
[WhiteElo "2486"]
[BlackElo "2146"]

1.d4 Nf6 2.c4 g6 3.Nc3 d5 4.cxd5 Nxd5 5.e4 Nxc3 6.bxc3 Bg7 7.Qa4+ Qd7 8.Qa3 O-O
9.Nf3 Qd6 10.e5 Qxa3 11.Bxa3 Re8 12.Bc4 e6 13.h4 a6 14.h5 Nd7 15.hxg6 hxg6
16.Ng5 c5 17.g4 Nb6 18.Bd3 c4 19.Bc2 Nd5 20.Kd2 b5 21.Bd6 a5 22.a3 Ra6 23.f4 Rxd6
24.exd6 Nxf4 25.Ne4 e5 26.g5 exd4 27.cxd4 Bxd4 28.Rae1 Rd8 29.Kc1 Kg7 30.Rd1 Be3+
31.Kb1 Ne6 32.Rh3 Bxg5 33.Rdh1 Nf8 34.Nxg5 Bxh3 35.Rxh3 Rxd6 36.Rh4 Rd5 37.Nf3 Ne6
38.a4 c3 39.Be4 Rc5 40.axb5 Rxb5+ 41.Kc2 Rc5 42.Bd3 f5 43.Rc4 Kf6 44.Kxc3 g5
45.Bf1 g4 46.Nd2 Kg5 47.Rxc5 Nxc5 48.Kd4 Ne6+ 49.Ke5 Nf4 50.Kd4 Ng6 51.Ke3 Nh4
52.Bb5 f4+ 53.Kf2 Nf5 54.Nb3 Nd6 55.Bc6 Kh4 56.Nxa5 Kh3 57.Kg1 Kg3 58.Nb3 Nc4
59.Nd4 f3  1/2-1/2

[Event "XXXII Open"]
[Site "Badalona ESP"]
[Date "2006.07.06"]
[Round "5"]
[White "Sundararajan,K"]
[Black "Lopez Martinez,J"]
[Result "1/2-1/2"]
[WhiteElo "2472"]
[BlackElo "2480"]

1.d4 Nf6 2.c4 g6 3.Nc3 d5 4.cxd5 Nxd5 5.e4 Nxc3 6.bxc3 Bg7 7.Nf3 c5 8.Rb1 O-O
9.Be2 b6 10.O-O Bb7 11.Qd3 e6 12.Bf4 Nc6 13.dxc5 Qxd3 14.Bxd3 Bxc3 15.Rb3 Bb4
16.cxb6 axb6 17.Be3  1/2-1/2

[Event "35th TCh-GRE"]
[Site "Ermioni GRE"]
[Date "2006.07.07"]
[Round "6"]
[White "Dorfanis,I"]
[Black "Katzourakis,P"]
[Result "1/2-1/2"]
[WhiteElo "2182"]
[BlackElo "2106"]

1.d4 Nf6 2.c4 g6 3.Nc3 d5 4.cxd5 Nxd5 5.e4 Nxc3 6.bxc3 Bg7 7.Be3 c5 8.Qd2 Qa5
9.Nf3 Nc6 10.Rc1 cxd4 11.cxd4 Qxd2+ 12.Kxd2 O-O 13.d5 Rd8 14.Ke1 Ne5 15.Nxe5 Bxe5
16.f4 Bg7 17.Bc4 e6 18.dxe6 Bxe6 19.Bxe6 fxe6 20.Ke2 Rd7 21.Rhd1 Rf7 22.g3 e5
23.f5 gxf5 24.exf5 Rxf5 25.Rd7 Rf7 26.Rxf7 Kxf7 27.Rc7+ Kg6 28.Rxb7 a5 29.Bb6 a4
30.Bc7 Ra6 31.Bb6 Ra8 32.h3 Rc8 33.Bc7 h5 34.Ke3 Kf5 35.Kf3 e4+ 36.Ke3 Bh6+
37.Ke2 Bg7 38.Ke3 Bh6+ 39.Ke2 Bg7  1/2-1/2

[Event "35th TCh-GRE"]
[Site "Ermioni GRE"]
[Date "2006.07.08"]
[Round "7"]
[White "Papadopoulos,P"]
[Black "Papadopoulos,Ge2"]
[Result "0-1"]
[WhiteElo "1878"]
[BlackElo "1857"]

1.d4 Nf6 2.c4 g6 3.Nc3 d5 4.cxd5 Nxd5 5.e4 Nxc3 6.bxc3 Bg7 7.Be3 c5 8.Qd2 Qa5
9.Nf3 O-O 10.Rc1 cxd4 11.cxd4 Qxd2+ 12.Nxd2 Nc6 13.Nb3 Rd8 14.d5 Ne5 15.f4 Ng4
16.Bc5 Bf8 17.Bd4 f5 18.e5 Nh6 19.Bc4 Nf7 20.d6 exd6 21.O-O dxe5 22.fxe5 Re8
23.Bd5 Re7 24.Rfe1 Be6 25.Bxe6 Rxe6 26.Rc7 b6 27.Rb7 Rae8 28.Rxa7 Nxe5 29.Rc1 Nc6
30.Rb7 Nxd4 31.Nxd4 Bc5 32.Rd7 Re1+ 33.Rxe1 Rxe1+ 34.Kf2 Re4 35.Rd8+ Kg7
36.Rd7+ Kh6  0-1

[Event "21st North Sea Cup"]
[Site "Esbjerg DEN"]
[Date "2006.07.08"]
[Round "1"]
[White "Antonsen,M"]
[Black "Hansen,Er"]
[Result "1-0"]
[WhiteElo "2380"]
[BlackElo "1854"]

1.d4 Nf6 2.c4 g6 3.Nc3 d5 4.cxd5 Nxd5 5.e4 Nxc3 6.bxc3 Bg7 7.Nf3 O-O 8.Rb1 c5
9.Be2 cxd4 10.cxd4 Nc6 11.d5 Ne5 12.O-O f5 13.Nxe5 Bxe5 14.f4 Bg7 15.e5 b6
16.Ba3 Bb7 17.Bc4 Kh8 18.d6 exd6 19.Bxd6 Qc8 20.Bd5 Bxd5 21.Qxd5 Rg8 22.Rbc1 Qa6
23.e6 Rad8 24.e7 Rde8 25.Rfe1 Qa4 26.Rc7 b5 27.Qe6 a5 28.Be5 b4 29.Bxg7+ Rxg7
30.Rc8 h5 31.Rxe8+ Qxe8 32.Qd6 Kh7 33.Qd8 Rg8 34.Qxa5 Qb8 35.Qe5 Qe8 36.h4 Kh6
37.Qf6 Kh7 38.Re6 Kh6 39.Kh2 Kh7 40.Qe5 Rh8 41.Qd6 Qf7 42.Rf6 Qe8 43.Rf8  1-0

[Event "ch-SVK"]
[Site "Banska Stiavnica SVK"]
[Date "2006.07.09"]
[Round "2"]
[White "Meszaros,Mi"]
[Black "Pinter,E"]
[Result "1/2-1/2"]
[WhiteElo "2420"]
[BlackElo "2396"]

1.d4 Nf6 2.c4 g6 3.Nc3 d5 4.cxd5 Nxd5 5.e4 Nxc3 6.bxc3 Bg7 7.Qa4+ c6 8.Nf3 O-O
9.Be2 c5 10.Be3 Nc6 11.O-O Bd7 12.Qa3 cxd4 13.cxd4 Bg4 14.Rab1 Bxf3 15.Bxf3 Nxd4
16.Rxb7 Nc2 17.Qxe7 Nxe3 18.Qxd8 Raxd8 19.fxe3 Bh6 20.Re1 Rd3 21.Kf2 Ra3
22.Re2 Rd8 23.Rb1 Rdd3 24.Rbe1 Bg7 25.Rc2 Bc3 26.Rd1 Ba5 27.Rxd3 Rxd3 28.Be2 Rc3  1/2-1/2

[Event "XXIV Andorra Open"]
[Site "Andorra la Vella AND"]
[Date "2006.07.10"]
[Round "3"]
[White "Del Rio Angelis,S"]
[Black "Gupta,Ab"]
[Result "1/2-1/2"]
[WhiteElo "2514"]
[BlackElo "2424"]

1.d4 Nf6 2.c4 g6 3.Nc3 d5 4.cxd5 Nxd5 5.e4 Nxc3 6.bxc3 Bg7 7.Bc4 O-O 8.Ne2 c5
9.O-O Nc6 10.Be3 Bd7 11.Rb1 Qc7 12.Nf4 Qc8 13.d5 Ne5 14.Be2 c4 15.Bd4 b5
16.g3 Qa6 17.Ra1 f5 18.exf5 Rxf5 19.Ng2 Raf8 20.Nh4 R5f7 21.f4 Bh3 22.Ng2 Nd7
23.Bxg7 Kxg7 24.Qd4+ Qf6 25.a4 Qxd4+ 26.cxd4 Nb6 27.axb5 Nxd5 28.Rfc1 g5
29.Bxc4 Bxg2 30.Kxg2 Ne3+ 31.Kf3 Nxc4 32.Rxc4 gxf4 33.g4 Rb8 34.Rc5 e6 35.Ra6  1/2-1/2